Top 5 countries with the most Muslim - Statistics

General Stats
  • This quiz has been taken 31 times
  • The average score is 4 of 5
Answer Stats
Hint Answer % Correct
190mil India
100%
229mil Indonesia
97%
200mil Pakistan
97%
155mil Bangladesh
70%
104 mil Nigeria
63%
No matching quizzes found
Score Distribution
Percent of People with Each Score
Percentile by Number Answered
Your Score History
You have not taken this quiz